Environmental microbiology

Αποθηκεύτηκε σε:
Λεπτομέρειες βιβλιογραφικής εγγραφής
Κύριος συγγραφέας: Mailer, Raina M.
Άλλοι συγγραφείς: Pepper, Ian L., Gerba, Charles P. 1945-
Μορφή: Βιβλίο
Γλώσσα:English
Δημοσίευση: San Diego : Academic Press, c2000
Θέματα:
Ετικέτες: Προσθήκη ετικέτας
Δεν υπάρχουν, Καταχωρήστε ετικέτα πρώτοι!

MARC

LEADER 00000nam a2200000 i 4500
001 1/48330
008 070717s2000 eng d
020 |a 978-0-12-497570-5 
020 |a 0-12-497570-4 
035 |l 10088885 
040 |a GR-MY-UA  |b gre  |e aacr 
041 0 |a eng 
082 0 |a 579.17  |2 (22) 
100 1 |a Mailer, Raina M. 
245 1 0 |a Environmental microbiology /  |c Raina M. Maier, Ian L. Pepper, Charles P. Gerba 
260 |a San Diego :   |b Academic Press,   |c c2000 
300 |a xix, 585 σ.;  |b έγχρ. εικ.;  |c 29 εκ. 
504 |a Περιέχει βιβλιογραφικές παραπομπές και ευρετήριο 
650 0 0 |a Microbial ecology. 
700 1 |a Pepper, Ian L. 
700 1 |a Gerba, Charles P.  |d 1945- 
852 |a INST  |b LESVOS  |e 20070717  |h 579.17 MAI  |p 005100041382  |q 005100041382  |t BK  |y 0 
901 |a BIBL1-2007-2 
909 |a Λ  |b 135752 
922 |a 1ΕΛΗ  |b 200706  |c ΕΠΕΑΕΚ2/ΤΕΘ  |d ΠΑΠΑΣΩΤΗΡΙΟΥ 
970 |a ΚΑΡΑ  |b ΓΙΑΣΕΜΗ  |z 2007/07/17